Sports Quiz

Random Sports or Football Quiz

Name the NFL Player's College (SEC) Quiz Stats

 Plays Quiz not verified by Sporcle

Challenge
Share
Tweet
Embed
Score 0/40 Timer 08:00
1 Play Today
Player Answer % Correct
Darren McFaddenArkansas
92.8%
Tyrann MathieuLSU
92.2%
Jadeveon ClowneySouth Carolina
90.2%
Matthew StaffordGeorgia
88.9%
Zach MettenbergerLSU
85%
Dont'a HightowerAlabama
82.4%
Dak PrescottMississippi State
82.4%
AJ GreenGeorgia
80.4%
Randall CobbKentucky
79.7%
Mike EvansTexas A&M
79.7%
Arian FosterTennessee
79.1%
Ryan MallettArkansas
79.1%
Jamarcus RussellLSU
79.1%
Michael OherOle Miss
78.4%
Maurkice PounceyFlorida
75.8%
Jarvis JonesGeorgia
72.5%
Jason CampbellAuburn
66.7%
Justin HunterTennessee
65.4%
Jordan MatthewsVanderbilt
63.4%
Patrick WillisOle Miss
63.4%
Player Answer % Correct
Bud DupreeKentucky
62.7%
Greg RobinsonAuburn
62.1%
Stevan RidleyLSU
60.8%
Spencer WareLSU
54.9%
Javier ArenasAlabama
54.2%
Sidney RiceSouth Carolina
54.2%
Mike GillisleeFlorida
53.6%
Jerod MayoTennessee
53.6%
Kony EalyMissouri
52.9%
Fletcher CoxMississippi State
47.1%
Blair WalshGeorgia
43.1%
Corey LemonierAuburn
42.5%
Mychal RiveraTennessee
39.9%
Evan MathisAlabama
39.2%
Greg HardyOle Miss
38.6%
Roman HarperAlabama
35.9%
Ryan SuccopSouth Carolina
35.3%
Devin TaylorSouth Carolina
32.7%
Anthony DixonMississippi State
32.7%
Casey HawyardVanderbilt
30.1%

You're not logged in!

Compare scores with friends on all Sporcle quizzes.
OR
Log In

You Might Also Like...

Show Comments

Extras

Top Quizzes Today


Score Distribution

Your Account Isn't Verified!

In order to create a playlist on Sporcle, you need to verify the email address you used during registration. Go to your Sporcle Settings to finish the process.

Report this User

Report this user for behavior that violates our Community Guidelines.

Details: